000 00976nam0a22002771 4500
001 rc\3140763
005 20260409070237.0
021 _aRU
_b[75-43432]
035 _a(NLR Aleph) 007318398
090 _a5883634
_c5883634
100 _a20120615d1975 |||y0rusy50 ca
101 0 _arus
102 _aRU
105 _ay z |||||
200 1 _aТридцатилетие Победы Советского народа в Великой Отечественной войне
_eДокументы и материалы
210 _aМосква
_cПолитиздат
_d1975
215 _a64 с.
_d20
606 _aВеликая Отечественная война
_z1941 - 1945
_xГодовщины
_jДокументы и материалы
_3RU\NLR\AUTH\66187542
_91237240
686 1 _aТ3(2)722,021.2
686 1 _aЦ35(2)722,021.2
801 0 _aRU
_bNLR
_gpsbo
801 1 _aRU
_bELAR
_2rusmarc
852 _aNLR
_j75-4/11635
942 _cBOOK
980 _aNB